Ekonomicko-úverová činnosť československého bankovníctva

Na minha lista:
Detalhes bibliográficos
Autor principal: Thomas, Gustáv
Autor Corporativo: Vysoká škola ekonomická v Bratislave. Národohospodárska fakulta
Outros Autores: Jusko, Marián
Formato: Livro
Idioma:eslovaco
Publicado em: Bratislava VŠE 1988
Edição:1. vyd.
Tags: Adicionar Tag
Sem tags, seja o primeiro a adicionar uma tag!

MARC

LEADER 00000nam a2200000 4500
001 c040765
005 20221219091540.0
041 0 |a slo 
044 |a SK 
245 1 0 |a Ekonomicko-úverová činnosť československého bankovníctva  |c Gustáv Thomas, Marián Jusko 
250 |a 1. vyd. 
264 1 |a Bratislava  |b VŠE  |c 1988 
300 |a 244 s. 
100 1 |a Thomas, Gustáv 
700 1 |a Jusko, Marián 
710 2 |a Vysoká škola ekonomická v Bratislave. Národohospodárska fakulta